000 00689nam a2200253 i 4500
003 DO-SdBNP
005 20231102103048.0
006 a||||gr|||| 00| 0
007 ta
008 231026b200? dr ||||| |||| 00| 0 spa d
040 _aDO-SdBNP
_bspa
_cBNPHU
_erda
082 4 _222
_bG943
100 _964741
245 1 0 _aGuía artesanal :
_bla artesania de Santo Domingo
264 _aSanto Domingo :
_bMinisterio de Turismo,
_c[200?]
300 _a54 páginas ;
_c20 cm.
336 _2rdacontent
_atexto
_btxt
337 _2rdamedia
_asin mediación
_bn
338 _2rdacarrier
_avolumen
_bnc
590 _aInventariado 2023 / DG
700 _923002
910 _aDG
942 _2ddc
_cLBS1
999 _c55382
_d55382